Welcome to CU Library Online Public Access Catalogue (OPAC)

Practical research and evaluation : (Record no. 6022)

MARC details
000 -LEADER
fixed length control field 00757cam a22002417a 4500
001 - CONTROL NUMBER
control field 15899401
005 - DATE AND TIME OF LATEST TRANSACTION
control field 20250529121903.0
008 - FIXED-LENGTH DATA ELEMENTS--GENERAL INFORMATION
fixed length control field 090909s2010 enka b 001 0 eng
020 ## - INTERNATIONAL STANDARD BOOK NUMBER
International Standard Book Number 9781847870032 (hbk.)
020 ## - INTERNATIONAL STANDARD BOOK NUMBER
International Standard Book Number 1847870031 (hbk.)
020 ## - INTERNATIONAL STANDARD BOOK NUMBER
International Standard Book Number 184787004X (pbk.)
020 ## - INTERNATIONAL STANDARD BOOK NUMBER
International Standard Book Number 9781847870049 (pbk.)
050 00 - LIBRARY OF CONGRESS CALL NUMBER
Classification number H62
Item number .P6475 2010
082 04 - DEWEY DECIMAL CLASSIFICATION NUMBER
Classification number 300.72
Edition information 22
245 00 - TITLE STATEMENT
Title Practical research and evaluation :
Remainder of title a start-to-finish guide for practitioners /
Statement of responsibility, etc. edited by Colin McCaig, Lena Dahlberg.
260 ## - PUBLICATION, DISTRIBUTION, ETC.
Place of publication, distribution, etc. London :
Name of publisher, distributor, etc. SAGE,
Date of publication, distribution, etc. 2010.
300 ## - PHYSICAL DESCRIPTION
Extent viii, 263 p. :
Other physical details ill. ;
Dimensions 25 cm.
650 #0 - SUBJECT ADDED ENTRY--TOPICAL TERM
Topical term or geographic name entry element Social sciences
General subdivision Research.
650 #0 - SUBJECT ADDED ENTRY--TOPICAL TERM
Topical term or geographic name entry element Research
General subdivision Evaluation.
700 1# - ADDED ENTRY--PERSONAL NAME
Personal name McCaig, Colin,
Titles and other words associated with a name Dr.
700 1# - ADDED ENTRY--PERSONAL NAME
Personal name Dahlberg, Lena.
942 ## - ADDED ENTRY ELEMENTS (KOHA)
Source of classification or shelving scheme Library of Congress Classification
Koha item type Books
Suppress in OPAC No
999 ## -
-- 6022
-- 6022
Holdings
Withdrawn status Lost status Source of classification or shelving scheme Damaged status Not for loan Collection Home library Current library Shelving location Date acquired Total checkouts Full call number Barcode Date last seen Copy number Price effective from Koha item type
    Library of Congress Classification     Non-fiction Undergraduate Library (Christ Temple) Undergraduate Library (Christ Temple) General stacks 05/29/2025   H 62 P6475 PRA ulct00002710 05/29/2025 1 05/29/2025 Books
    Library of Congress Classification     Non-fiction Undergraduate Library (Christ Temple) Undergraduate Library (Christ Temple) General stacks 09/16/2025   H62.P6.175 PRA ulct00004813 09/16/2025 1 09/16/2025 Books
© 2023-2024 Copyright: Central University Libraries. All Rights Reserved | Created by: Mahone Tech Office